<?xml version="1.0" encoding="UTF-8"?>
<record
    xmlns:xsi="http://www.w3.org/2001/XMLSchema-instance"
    xsi:schemaLocation="http://www.loc.gov/MARC21/slim http://www.loc.gov/standards/marcxml/schema/MARC21slim.xsd"
    xmlns="http://www.loc.gov/MARC21/slim">

  <leader>03100nam a2200325 a 4500</leader>
  <controlfield tag="003">OSt</controlfield>
  <controlfield tag="005">20250616125542.0</controlfield>
  <controlfield tag="007">cr ||||||a|a|a</controlfield>
  <controlfield tag="008">250616s2025    mx a|||fom||| 001 0 spa d</controlfield>
  <datafield tag="040" ind1=" " ind2=" ">
    <subfield code="e">rda</subfield>
  </datafield>
  <datafield tag="100" ind1="1" ind2=" ">
    <subfield code="a">Negrete Zamora, Erasmo Guadalupe</subfield>
    <subfield code="9">190463</subfield>
  </datafield>
  <datafield tag="245" ind1="1" ind2="0">
    <subfield code="a">Primer registro de la presencia del hongo Hesperomices virescens (Thaxter) en Hippodamia convergens (Gu&#xE9;rin-M&#xE9;neville) (Coleoptera: Coccinellidae) en M&#xE9;xico/</subfield>
    <subfield code="c">por Erasmo Guadalupe Negrete Zamora; director de tesis Candelario Santill&#xE1;n Ortega; secretario Luis Othon Espinosa Carrillo; vocal Artemio Rosas Meza; suplente Jos&#xE9; Isabel L&#xF3;pez Arroyo; suplente Santos Gerardo Leyva Mir.</subfield>
  </datafield>
  <datafield tag="264" ind1=" " ind2="1">
    <subfield code="a">Chapingo, M&#xE9;xico :</subfield>
    <subfield code="b">El autor,</subfield>
    <subfield code="c">2024.</subfield>
  </datafield>
  <datafield tag="300" ind1=" " ind2=" ">
    <subfield code="a">1 recurso en l&#xED;nea (55 p&#xE1;ginas):</subfield>
    <subfield code="b">cuadros, figuras.</subfield>
  </datafield>
  <datafield tag="336" ind1=" " ind2=" ">
    <subfield code="2">rdacontent</subfield>
    <subfield code="a">texto</subfield>
    <subfield code="b">txt</subfield>
  </datafield>
  <datafield tag="337" ind1=" " ind2=" ">
    <subfield code="2">rdamedia</subfield>
    <subfield code="a">computadora</subfield>
    <subfield code="b">c</subfield>
  </datafield>
  <datafield tag="338" ind1=" " ind2=" ">
    <subfield code="2">rdacarrier</subfield>
    <subfield code="a">recurso en l&#xED;nea</subfield>
    <subfield code="b">cr</subfield>
  </datafield>
  <datafield tag="502" ind1=" " ind2=" ">
    <subfield code="b">IAEPA</subfield>
    <subfield code="c">Parasitolog&#xED;a</subfield>
    <subfield code="d">2024.</subfield>
    <subfield code="g">LIC</subfield>
  </datafield>
  <datafield tag="504" ind1=" " ind2=" ">
    <subfield code="a">Incluye referencias bibliogr&#xE1;ficas: p&#xE1;ginas 48-55.</subfield>
  </datafield>
  <datafield tag="520" ind1=" " ind2=" ">
    <subfield code="a">En el periodo de febrero a mayo de 2022, se recolectaron ejemplares de diferentes especies de la familia Coccinelidae en las zonas productoras de c&#xED;tricos y cereales de los municipios de General Ter&#xE1;n y Montemorelos, N.L. as&#xED; como en Altamira, Tamaulipas. Se encontr&#xF3; la presencia del hongo Hesperomyces virescens (Thaxter) en Hippodamia convergens (Gu&#xE9;rin-M&#xE9;neville), la cual se registr&#xF3; habitando diversas malezas dentro de huertos de naranja C. &#xD7; sinensis (L.) exclusivamente en los municipios de N.L. Los ejemplares presentaron infecci&#xF3;n y crecimiento de talos maduros del hongo en las partes distales de los &#xE9;litros o los esternitos del abdomen, lo cual depend&#xED;a del individuo, pero nunca en ambas partes del cuerpo. Tambi&#xE9;n se encontr&#xF3; infecci&#xF3;n de mismo hongo sobre Cycloneda sanguinea (L.) y Harmonia axyridis (Pallas), especies que en estudios anteriores fueron descritas como hu&#xE9;spedes de H. virescens en la regi&#xF3;n. La especie objetivo de este estudio, H. convergens, present&#xF3; un porcentaje de infecci&#xF3;n del 0.291 % del n&#xFA;mero total de individuos (n= 585). Ejemplares de otras especies recolectadas y algunos de H. convergens con posibles s&#xED;ntomas de la infecci&#xF3;n presentaron sanidad en un periodo de observaci&#xF3;n en laboratorio de dos meses. El presente estudio representa el primer registro en M&#xE9;xico de la presencia del hongo entomat&#xF3;geno Hesperomyces virescens sobre el hu&#xE9;sped Hippodamia convergens.</subfield>
  </datafield>
  <datafield tag="650" ind1=" " ind2="4">
    <subfield code="a">Hesperomyces virescens</subfield>
    <subfield code="x">Identificaci&#xF3;n</subfield>
    <subfield code="9">190667</subfield>
  </datafield>
  <datafield tag="650" ind1=" " ind2="4">
    <subfield code="a">Hongos entomopat&#xF3;genos</subfield>
    <subfield code="x">Identificaci&#xF3;n</subfield>
    <subfield code="9">188826</subfield>
  </datafield>
  <datafield tag="700" ind1="0" ind2=" ">
    <subfield code="a">Santill&#xE1;n Ortega, Candelario</subfield>
    <subfield code="e">director de tesis</subfield>
    <subfield code="9">102429</subfield>
  </datafield>
  <datafield tag="700" ind1="1" ind2=" ">
    <subfield code="a">Espinosa Carrillo, Luis Oth&#xF3;n</subfield>
    <subfield code="9">37903</subfield>
    <subfield code="e">secretario.</subfield>
  </datafield>
  <datafield tag="700" ind1="1" ind2=" ">
    <subfield code="a">Rosas Meza, Artemio</subfield>
    <subfield code="9">100031</subfield>
    <subfield code="e">vocal.</subfield>
  </datafield>
  <datafield tag="700" ind1="1" ind2=" ">
    <subfield code="a">L&#xF3;pez Arroyo, Jos&#xE9; Isabel</subfield>
    <subfield code="9">67676</subfield>
    <subfield code="e">suplente.</subfield>
  </datafield>
  <datafield tag="700" ind1="1" ind2=" ">
    <subfield code="a">Leyva Mir, Santos Gerardo</subfield>
    <subfield code="e">suplente.</subfield>
    <subfield code="9">66581</subfield>
  </datafield>
  <datafield tag="856" ind1=" " ind2=" ">
    <subfield code="u">http://10.13.5.2/tesis/tl/1511790-8_NEGRETE_ZAMORA_ERASMOGUADALUPE.pdf</subfield>
    <subfield code="z">DESCARGAR PDF</subfield>
  </datafield>
  <datafield tag="942" ind1=" " ind2=" ">
    <subfield code="2">Clasificaci&#xF3;n Universidad Aut&#xF3;noma Chapingo</subfield>
    <subfield code="c">TD</subfield>
  </datafield>
  <datafield tag="999" ind1=" " ind2=" ">
    <subfield code="c">220621</subfield>
    <subfield code="d">220621</subfield>
  </datafield>
  <datafield tag="952" ind1=" " ind2=" ">
    <subfield code="0">0</subfield>
    <subfield code="1">0</subfield>
    <subfield code="2">local</subfield>
    <subfield code="4">0</subfield>
    <subfield code="5">1</subfield>
    <subfield code="7">0</subfield>
    <subfield code="8">TesDigL</subfield>
    <subfield code="a">BD</subfield>
    <subfield code="b">BD</subfield>
    <subfield code="c">E_L</subfield>
    <subfield code="d">2025-06-16</subfield>
    <subfield code="l">0</subfield>
    <subfield code="o">Tesis digital</subfield>
    <subfield code="r">2025-06-16 13:35:02</subfield>
    <subfield code="w">2025-06-16</subfield>
    <subfield code="y">TD</subfield>
  </datafield>
</record>
